[Event "XIII Figueira da Foz Open 2019"]
[Site "Figueira da Foz"]
[Date "2019.10.30"]
[Round "4.2"]
[White "Galego, Luis"]
[Black "Grigoryan, Karen H."]
[Result "0-1"]
[WhiteElo "2483"]
[BlackElo "2608"]
[Annotator "TA"]
[PlyCount "62"]
[EventDate "2019.10.27"]
[EventType "swiss"]
[EventCountry "POR"]
[SourceTitle "playchess.com"]
[Source "ChessBase"]
[SourceQuality "1"]

{[%evp 11,62,-10,15,0,-15,-20,7,-4,6,-33,-6,-46,-35,-25,6,0,18,12,17,0,65,76,59,66,70,15,28,17,25,16,41,54,51,27,60,40,54,0,0,-67,-29,-75,-65,-60,-60,-273,-270,-582,-575,-607,-613,-918,-906]} 1. e4 c5 2. Nf3 d6 3. Nc3 Nc6 4. g3 g6 5. Bg2 Bg7 6. d3 Nf6 7. h3 {B25: Closed Sicilian: 3 g3, lines without early Be3} O-O 8. Be3 Nd7 (8... Bd7 9. O-O Rb8 10. Nh4 b5 11. f4 b4 12. Ne2 Ne8 13. c3 Qa5 14. d4 bxc3 15. bxc3 cxd4 16. cxd4 Rb2 17. a3 {0-1 (40) Mista,A (2589)-Duda,J (2724) Zgierz 2018}) 9. O-O {The position is equal.} Nd4 10. Ne1 Rb8 11. Qd2 b5 {[%cal Bb7b5,Bb5b4][%mdl 32]} 12. Bh6 b4 $146 ({Predecessor:} 12... Bxh6 13. Qxh6 b4 14. Nd1 a5 15. c3 Nb5 16. Nf3 f6 17. Qd2 {1-0 (31) Tempone,M (2445)-Seminara,J (2320) Mar del Plata 1998}) 13. Bxg7 Kxg7 14. Nd5 {[%cal Bc3d5,Bd5e3,Be3c4][%mdl 32]} Nb6 15. Ne3 Na4 (15... e5 $11) 16. a3 $14 Bd7 17. axb4 cxb4 18. f4 (18. Nf3 $14 Nxf3+ 19. Bxf3) 18... a5 $11 19. f5 f6 20. Nc4 d5 21. exd5 Nxf5 22. Qf2 Qc7 23. g4 Nd6 $1 24. b3 ({Better is} 24. Nf3 $1 $14) 24... Nc3 $1 25. Qe3 (25. Rxa5 $11 Nxc4 26. Ra7 Ne2+ 27. Kh1 Ng3+ 28. Kg1) 25... Rf7 26. Rf2 Rb5 {[%cal Bb8b5,Bb5c5,Bc5c4][%mdl 32]} 27. Qd4 Rc5 28. g5 $2 {[#]} ({White should play} 28. Bf3 $15) 28... Nf5 $19 29. gxf6+ $2 (29. Qg4 {nothing else works.}) 29... exf6 {Black is clearly winning.} 30. d6 {Black must now prevent Qxc3.} Qa7 ({Not} 30... Nxd4 31. dxc7 Rxc7 32. Rxa5 $17) 31. Qf4 {[#]} Rxc4 $1 {[%mdl 512] Accuracy: White = 17%, Black = 62%.} 0-1

[Event "XIII Figueira da Foz Open 2019"]
[Site "Figueira da Foz"]
[Date "2019.10.30"]
[Round "4.3"]
[White "Jakubowski, Krzysztof"]
[Black "Stella, Andrea"]
[Result "1/2-1/2"]
[WhiteElo "2494"]
[BlackElo "2484"]
[Annotator "TA"]
[PlyCount "44"]
[EventDate "2019.10.27"]
[EventType "swiss"]
[EventCountry "POR"]
[SourceTitle "playchess.com"]
[Source "ChessBase"]
[SourceQuality "1"]

{[%evp 9,44,11,21,-5,0,-3,-2,-3,-5,0,-4,0,-3,-14,5,0,13,0,5,0,11,-80,-75,-80,-69,-78,-60,-66,-51,-42,-39,-78,-29,-33,-4,-6,-13]} 1. d4 Nf6 2. Nf3 g6 3. Bg5 Bg7 4. Nbd2 O-O 5. c3 h6 6. Bxf6 {A48: 1 d4 Nf6 2 Nf3 g6: Torre, London and Colle Systems} exf6 7. e4 $146 ({Predecessor:} 7. g3 f5 8. Bg2 d6 9. O-O Nd7 10. Qc2 Re8 11. e3 Nf6 12. Ne1 h5 13. h4 c6 14. Nd3 Ne4 15. Nf4 Qe7 16. b4 Bd7 17. a4 Rac8 {½-½ (37) Speelman,J (2610)-Kasparov,G (2805) Moscow 1995}) 7... Re8 8. Be2 d6 9. O-O f5 10. exf5 Bxf5 11. Re1 Nc6 12. Qb3 Rb8 13. Bb5 Rxe1+ 14. Rxe1 d5 (14... Na5 $5 {[%cal Ra5b3]} 15. Qa3 Nc6 $11) 15. Bxc6 (15. Qa3 $11 {keeps the balance.}) 15... bxc6 $17 16. Qa4 Rxb2 17. Qxc6 {aiming for Re8+.} Kh7 18. Qa4 Qb8 19. h3 {[#]} c5 $1 {[%mdl 512]} 20. Re7 (20. dxc5 Bxc3) 20... cxd4 21. cxd4 Rb7 22. Rxb7 Qxb7 {Accuracy: White = 30%, Black = 75%.} 1/2-1/2

[Event "XIII Figueira da Foz Open 2019"]
[Site "Figueira da Foz"]
[Date "2019.10.30"]
[Round "4.4"]
[White "Spraggett, Kevin"]
[Black "Martin Duque, Jesus"]
[Result "1-0"]
[WhiteElo "2513"]
[BlackElo "2445"]
[Annotator "TA"]
[PlyCount "116"]
[EventDate "2019.10.27"]
[EventType "swiss"]
[EventCountry "POR"]
[SourceTitle "playchess.com"]
[Source "ChessBase"]
[SourceQuality "1"]

{[%evp 9,116,0,6,8,3,4,1,-25,0,-15,0,0,0,0,0,-6,0,0,0,0,13,9,9,0,0,0,0,0,11,17,18,0,10,1,13,0,0,-15,7,-14,12,0,0,0,0,-6,-11,-33,-17,-34,-20,-45,-34,-52,-34,-34,0,-34,-18,-30,-29,-30,-33,-32,-35,-39,-33,-43,-25,-25,-24,-27,-16,-29,-19,-19,-19,-22,-16,-31,-16,-28,-10,-18,-10,-24,-18,-18,-22,-30,-26,-37,-16,-54,-58,-34,-44,-76,-33,-101,0,-119,0,-3,-25,0,43,31,141]} 1. c4 e5 2. Nc3 Bb4 3. Qb3 a5 4. Nf3 d6 $146 ({Predecessor:} 4... Nc6 5. g3 Nf6 6. Bg2 O-O 7. O-O h6 8. d3 d6 9. Nd5 Bc5 10. h3 Nd4 11. Nxd4 exd4 12. Bd2 c6 13. Nxf6+ Qxf6 14. Kh2 h5 15. h4 Re8 16. Rae1 a4 {1-0 (42) Uhlmann,W (2400)-Sasikiran,K (2652) Dresden 2005}) 5. e3 Nf6 6. Be2 {A21: English Opening: 1...e5 2 Nc3} O-O 7. O-O Re8 8. d3 {The position is equal.} Bxc3 9. Qxc3 c5 10. b3 Nc6 11. a3 b6 12. Re1 d5 13. cxd5 Nxd5 14. Qc2 Ba6 15. Bb2 Rc8 16. Bf1 f6 17. Rad1 Qd7 18. Nd2 Kh8 19. Nc4 {aiming for e4.} Rb8 20. Rc1 Rec8 21. Qd1 Rd8 22. h3 Qf7 23. Qc2 Qd7 24. Ba1 Rdc8 25. Nb2 Rd8 26. Red1 Qe6 27. Na4 Nde7 28. Rb1 Qf7 29. Be2 Qg6 30. Rd2 Bc8 31. Kh2 Bf5 32. Nc3 Rbc8 {With the idea ...Nd4!} 33. Qd1 Rd7 34. Na4 Rb8 35. Rc1 Qf7 36. Bh5 Qg8 37. Be2 Qd8 38. Kg1 Rd6 39. Qc2 Be6 40. Rdd1 Nd5 41. Nb2 Rc8 42. Nc4 Rd7 43. Nd2 Nde7 44. Ne4 Qg8 45. Rb1 Nd5 46. Re1 Rdd8 47. Bf1 Qf7 48. Kh2 Qg6 49. g3 Qh6 50. f4 exf4 51. gxf4 Re8 52. Qf2 {Threatens to win with Nd6.} Rcd8 53. Nd2 Bc8 54. Nc4 {[#]} (54. Rbc1 $15) 54... Nce7 (54... Rg8 $1 $17 55. Qf3 b5) 55. Rbd1 (55. d4 $11 {keeps the balance.}) 55... Ng6 (55... Bg4 $17 56. Rc1 Nf5) 56. d4 Bg4 57. Rc1 cxd4 58. Bxd4 Re4 {Accuracy: White = 49%, Black = 39%.} ({Black should play} 58... Bf5 $14) 1-0

[Event "XIII Figueira da Foz Open 2019"]
[Site "Figueira da Foz"]
[Date "2019.10.30"]
[Round "4.5"]
[White "Pintor, Simao Maciel Abranch"]
[Black "Clarke, Brandon G I"]
[Result "0-1"]
[WhiteElo "2137"]
[BlackElo "2445"]
[Annotator "RC"]
[PlyCount "84"]
[EventDate "2019.10.27"]
[EventType "swiss"]
[EventCountry "POR"]
[SourceTitle "playchess.com"]
[Source "ChessBase"]
[SourceQuality "1"]
[TimeControl "40/5400+30:1800+30"]

1. e4 {[%emt 0:08:47]} c5 {[%emt 0:00:00]} 2. Nf3 {[%emt 0:00:14]} d6 {[%emt 0:00:00]} 3. d4 {[%emt 0:00:05]} cxd4 {[%emt 0:00:00]} 4. Nxd4 {[%emt 0:00:06]} Nf6 {[%emt 0:00:01]} 5. Nc3 {[%emt 0:00:06]} a6 {[%emt 0:02:24]} 6. Be3 {[%emt 0:00:07]} e5 {[%emt 0:00:20]} 7. Nf3 {[%emt 0:00:06]} Be7 {[%emt 0:00:21]} 8. Bc4 {[%emt 0:00:10]} O-O {[%emt 0:00:04]} 9. O-O {[%emt 0:00:09]} Be6 {[%emt 0:00:03]} 10. Bxe6 {[%emt 0:00:09]} fxe6 {[%emt 0:00:02]} 11. Na4 {[%emt 0:00:10]} Ng4 {[%emt 0:00:33]} 12. Qd3 {[%emt 0:00:08]} Nxe3 {[%emt 0:00:14]} 13. Qxe3 {[%emt 0:00:05]} b5 {[%emt 0:00:06]} 14. Nb6 {[%emt 0:00:06]} Ra7 {[%emt 0:00:04]} 15. Nd5 {[%emt 0:00:37]} Rb7 {[%emt 0:00:01]} 16. Qd2 {[%emt 0:00:42]} Nc6 {[%emt 0:02:55]} 17. c3 {[%emt 0:06:05]} Na5 {[%emt 0:03:25]} 18. Nxe7+ {[%emt 0:03:58]} Rxe7 {[%emt 0:04:37]} 19. b3 {[%emt 0:03:33]} Nb7 {[%emt 0:00:51]} 20. Rfd1 {[%emt 0:02:54]} Qb6 {[%emt 0:00:02]} 21. a4 {[%emt 0:09:21]} h6 {[%emt 0:03:30]} 22. b4 {[%emt 0:07:30]} Ref7 {[%emt 0:01:37]} 23. axb5 {[%emt 0:01:54]} axb5 {[%emt 0:00:03]} 24. Qa2 {[%emt 0:02:24]} Qc6 {[%emt 0:03:01]} 25. Qxe6 {[%emt 0:03:06]} Qxe4 {[%emt 0:02:54]} 26. Re1 {[%emt 0:15:25]} Qc2 {[%emt 0:08:26]} 27. Rac1 {[%emt 0:12:53]} Qd3 {[%emt 0:12:30]} 28. c4 {[%emt 0:10:31]} Nd8 {[%emt 0:07:46]} 29. Qd5 {[%emt 0:00:04]} Qxd5 {[%emt 0:00:25]} 30. cxd5 {[%emt 0:00:05]} Rf4 {[%emt 0:00:09]} 31. Re2 {[%emt 0:04:55]} Rxb4 {[%emt 0:00:31]} 32. Nd2 {[%emt 0:02:58]} Rd4 {[%emt 0:00:39]} 33. Ne4 {[%emt 0:00:05]} Rxd5 {[%emt 0:00:30]} 34. f3 {[%emt 0:01:04]} Ne6 {[%emt 0:00:10]} 35. Ra2 {[%emt 0:01:17]} Rf7 {[%emt 0:32:57]} 36. Ra6 {[%emt 0:02:49]} Rd7 {[%emt 0:00:08]} 37. Rcc6 {[%emt 0:01:25]} Nc5 {[%emt 0:00:08]} 38. Ra8+ {[%emt 0:00:52]} Kh7 {[%emt 0:01:10]} 39. Nc3 {[%emt 0:00:04]} Rd2 {[%emt 0:00:19]} 40. Nxb5 {[%emt 0:00:00]} Rb7 {[%emt 0:00:00]} 41. Rxd6 {[%emt 0:06:24]} Nd3 {[%emt 0:03:08]} 42. Nc3 {[%emt 0:02:43]} Rb1+ {[%emt 0:00:20]} 0-1

[Event "XIII Figueira da Foz Open 2019"]
[Site "Figueira da Foz"]
[Date "2019.10.30"]
[Round "4.6"]
[White "Romanishin, Oleg M"]
[Black "Rey Malde, Henrique"]
[Result "1-0"]
[WhiteElo "2441"]
[BlackElo "2209"]
[Annotator "TA"]
[PlyCount "43"]
[EventDate "2019.10.27"]
[EventType "swiss"]
[EventCountry "POR"]
[SourceTitle "playchess.com"]
[Source "ChessBase"]
[SourceQuality "1"]

{[%evp 12,43,18,13,30,10,16,0,0,0,0,0,0,0,0,-5,81,76,80,72,87,72,93,75,71,37,33,41,89,85,129,137,220,222]} 1. d4 Nf6 2. Nf3 d6 3. g3 g6 4. Bg2 Bg7 5. O-O O-O 6. a4 a5 7. Nc3 d5 {A49: 1 d4 Nf6 2 Nf3 g6 3 g3: Anti-King's Indian systems} 8. Re1 Na6 $146 ({Predecessor:} 8... c6 9. e4 dxe4 10. Nxe4 Nxe4 11. Rxe4 Bf5 12. Re1 Nd7 13. c3 e5 14. dxe5 Nxe5 15. Nxe5 Qxd1 16. Rxd1 Bxe5 {½-½ (33) Atalik,S (2564)-Cabarkapa,N (2424) Paracin 2016}) 9. e4 dxe4 {The position is equal.} 10. Nxe4 Nxe4 11. Rxe4 c5 12. Bg5 $1 $36 {[%cal Rg5e7][%mdl 2048] White has good play.} Re8 13. c3 Bf5 (13... cxd4 $11 14. Nxd4 h6) 14. Re1 $16 h6 15. Be3 Qc7 16. Qb3 Be6 17. d5 c4 18. Qb5 Bd7 19. Qb6 Rac8 20. Qxc7 Nxc7 21. Nd2 e6 (21... Na8 $16 {might work better.} 22. Ne4 b6) 22. Nxc4 {Accuracy: White = 61%, Black = 56%.} 1-0

[Event "XIII Figueira da Foz Open 2019"]
[Site "Figueira da Foz"]
[Date "2019.10.30"]
[Round "4.7"]
[White "Barski, Radoslaw"]
[Black "Garcia Dorado, Alberto"]
[Result "1-0"]
[WhiteElo "2437"]
[BlackElo "2170"]
[Annotator "TA"]
[PlyCount "99"]
[EventDate "2019.10.27"]
[EventType "swiss"]
[EventCountry "POR"]
[SourceTitle "playchess.com"]
[Source "ChessBase"]
[SourceQuality "1"]

{[%evp 14,99,35,27,45,39,39,21,40,31,36,35,78,77,85,89,86,93,114,114,120,114,114,114,114,114,112,109,109,106,131,100,113,107,107,107,102,100,123,114,206,195,175,192,231,228,254,225,238,221,225,166,158,143,196,131,131,3,12,0,0,0,0,0,0,0,0,0,0,0,0,0,32,26,58,56,589,462,1531,1305,1679,1284,1721,1452,3208,3299,2749,2490]} 1. e4 e6 2. d4 d5 3. Nc3 dxe4 4. Nxe4 Nd7 5. Nf3 Ngf6 6. Nxf6+ Nxf6 7. Bd3 c5 8. Be3 Nd5 {C10: French with 3 Nc3: Unusual Black 3rd moves and 3...dxe4} 9. Ne5 Bd6 10. Qh5 {[%csl Ge5][%cal Rh5f7]} Qc7 {The position is equal.} 11. Bb5+ Kf8 {Threatens to win with ...Bxe5.} 12. O-O $146 ({Predecessor:} 12. O-O-O a6 13. Bc4 Nf6 14. Qf3 Rb8 15. Bf4 b5 16. Rhe1 cxd4 17. Rxd4 {1-0 (41) Kamsky,G (2720)-Akobian,V (2612) Saint Louis 2009}) 12... cxd4 13. Bxd4 a6 14. Bd3 $36 {[%mdl 2048] White is really pushing.} Nf4 15. Qg5 {aiming for Nxf7!} Nh3+ 16. gxh3 f6 17. Qe3 Bxe5 18. Bxe5 Qxe5 19. Qxe5 fxe5 20. Rae1 Bd7 21. Rxe5 Kf7 22. Rd1 Rad8 23. Be4 Bc6 24. Rxd8 Rxd8 25. Bxc6 bxc6 $16 {[%mdl 4096] Endgame KR-KR} 26. Rc5 Rc8 (26... Rd1+ $16 {keeps fighting.} 27. Kg2 Ra1) 27. c4 Ke7 28. b4 Rb8 {[#]} 29. a3 $1 ({Less strong is} 29. Rxc6 Rxb4 30. Rxa6 Rxc4 $16) 29... Kd6 30. Ra5 Ra8 31. Kg2 Kc7 32. Kg3 Kb6 33. Re5 Re8 (33... Rd8 $16 34. Rxe6 Rd3+ 35. Re3 Rd1) 34. a4 (34. h4 $18) 34... Kc7 35. f4 (35. Ra5 $16) 35... Rb8 $11 36. b5 axb5 37. axb5 cxb5 38. cxb5 Kd6 39. Rg5 g6 40. h4 Ra8 41. h5 Ra3+ 42. Kg4 Rb3 43. h6 {And now Rxg6! would win.} Rb2 44. h4 Ke7 $2 {[%mdl 8192]} (44... Rb1 $1 $14) 45. Rc5 $18 {White is clearly winning.} Kd6 {[#]} (45... Kf6 $142 46. Kf3 Rb3+ 47. Ke4 Rb4+ 48. Ke3 Rb3+ 49. Kd4 Rb4+ 50. Kc3 Rb1) 46. Rc6+ $1 Ke7 47. Rc7+ Kf6 48. Rb7 Rb3 49. b6 e5 50. Rb8 {Accuracy: White = 56%, Black = 44%.} 1-0

[Event "XIII Figueira da Foz Open 2019"]
[Site "Figueira da Foz"]
[Date "2019.10.30"]
[Round "4.8"]
[White "Gomez Dieguez, David"]
[Black "Correia, Mario"]
[Result "1/2-1/2"]
[WhiteElo "2336"]
[BlackElo "2140"]
[Annotator "TA"]
[PlyCount "126"]
[EventDate "2019.10.27"]
[EventType "swiss"]
[EventCountry "POR"]
[SourceTitle "playchess.com"]
[Source "ChessBase"]
[SourceQuality "1"]

{[%evp 17,126,31,29,21,30,33,32,35,64,40,56,58,57,59,163,133,139,137,141,87,148,128,123,134,141,123,127,129,104,116,107,112,191,31,37,0,27,28,95,95,95,95,95,95,98,98,98,98,110,101,119,102,102,95,95,95,171,171,171,166,187,184,184,186,186,186,255,251,209,200,359,181,181,134,181,45,181,181,204,181,181,181,188,188,188,181,174,166,166,166,126,126,126,126,126,126,166,126,126,126,294,294,294,294,294,294,243,209,202,118,120]} 1. e4 c5 2. Nf3 Nc6 3. d4 cxd4 4. Nxd4 g6 5. Nc3 Bg7 6. Be3 Nf6 7. Bc4 Qa5 8. O-O O-O 9. Bb3 d6 10. Nd5 {B35: Sicilian: Accelerated Dragon with 5 Nc3: main line} Nxd5 (10... Re8 11. Nxf6+ Bxf6 12. c3 Bd7 13. f4 Nxd4 14. cxd4 e6 15. e5 Bg7 16. Qd2 Qa6 17. Rac1 Rac8 {0-1 (40) Grischuk,A (2750)-Vachier Lagrave,M (2795) chess.com INT 2017}) 11. exd5 Nxd4 12. Bxd4 {White is slightly better.} Bd7 13. Re1 {aiming for Bxg7.} Rfe8 $146 ({Predecessor:} 13... Bxd4 14. Qxd4 Rfe8 15. h4 Qc5 16. Rad1 Qxd4 17. Rxd4 Rac8 {½-½ (32) Skuthan,J (1782)-Furbacher,M (1546) Hrdonov 2012}) 14. Bxg7 Kxg7 15. Qd4+ f6 (15... Kg8 $1 $14) 16. Re3 $1 $18 Qc5 17. Qf4 g5 18. Qe4 (18. Qf3 $142) 18... a5 (18... Rf8 $142) 19. c3 {And now Rae1 would win.} f5 20. Qd3 a4 21. Bc2 {Hoping for Rae1.} e5 22. dxe6 $1 Rxe6 23. Rxe6 Bxe6 24. Re1 Bf7 (24... Bxa2 $16 25. h4 (25. Qxf5 Qxf5 26. Bxf5 Bc4 $11) 25... g4) 25. Qf3 $2 ({Worse is} 25. Qxf5 Qxf5 26. Bxf5 Bxa2 $11) ({White should try} 25. Qg3 $1 $18 {[%cal Rg3g5]} Kg6 26. Rd1) 25... Qd5 $14 26. Qe3 h6 (26... f4 $5 {[%cal Rf4e3]} 27. Qh3 h6 $11) 27. Rd1 Re8 (27... Qc5 $11) 28. Rxd5 $16 {Qd4+ is the strong threat.} Rxe3 29. fxe3 Bxd5 {[%mdl 4096] Endgame KB-KB} 30. a3 Bc6 31. Bxf5 Kf6 32. Bd3 Ke5 33. Kf2 b6 34. Be2 Bd7 35. Bf3 Bb5 36. Ke1 Bd7 (36... Bd3 $16 {might work better.}) 37. c4 $1 $18 Be6 38. Be2 d5 39. cxd5 Bxd5 40. Bf3 Be6 41. Kd2 Bd7 (41... Kd6 $142 42. Kc3 Kc5) 42. Kc3 Be8 43. Kb4 h5 44. Kc3 (44. g3 $142) 44... h4 45. Kd2 Bd7 46. Ke1 ({White should play} 46. Bb7 $18) 46... Kd6 (46... g4 $14 47. Bb7 g3 48. hxg3 hxg3) 47. Kf2 Ke5 48. Bd1 Ke4 {[#] With the idea ...Kd3.} 49. Bc2+ $1 Ke5 50. Kf3 Kd5 51. Bd3 Ke5 52. Bg6 Kf6 53. Bh5 Ke5 54. Bg4 Bc6+ 55. Kf2 Bb5 56. Be2 Bc6 57. Bd3 Be8 58. g3 Bc6 $2 (58... hxg3+ $16 {was called for.} 59. hxg3 (59. Kxg3 Bd7 $16) 59... Kd5) 59. gxh4 gxh4 60. Bc2 Kf6 61. e4 Ke5 {[#]} 62. Kf3 $1 Bd7 63. Ke3 (63. Bb1 $18) 63... Bc6 {Accuracy: White = 60%, Black = 46%.} 1/2-1/2

[Event "XIII Figueira da Foz Open 2019"]
[Site "Figueira da Foz"]
[Date "2019.10.30"]
[Round "4.9"]
[White "Guerreiro, Nuno"]
[Black "Medarde Santiago, Luis Marcos"]
[Result "1-0"]
[WhiteElo "2069"]
[BlackElo "2285"]
[Annotator "TA"]
[PlyCount "86"]
[EventDate "2019.10.27"]
[EventType "swiss"]
[EventCountry "POR"]
[SourceTitle "playchess.com"]
[Source "ChessBase"]
[SourceQuality "1"]

{[%evp 19,86,25,14,0,-16,-32,-28,-50,0,-7,0,-5,-5,-4,18,8,38,0,33,2,10,0,16,0,0,-16,-7,-7,0,-5,0,-22,-24,-19,0,-22,-8,-40,-19,-32,-22,-60,-20,-109,-114,-93,2,8,24,22,47,43,46,29,107,95,111,108,113,116,120,6,29,0,77,87,103,50,83]} 1. Nf3 Nf6 2. g3 g6 3. Bg2 Bg7 4. O-O O-O 5. c4 d6 6. d4 Nbd7 7. Nc3 e5 8. dxe5 dxe5 9. Qc2 Qe7 10. e4 c6 11. Ne1 $146 {E68: King's Indian: Fianchetto: 6...Nbd7 7 0-0 e5 8 e4} ({Predecessor:} 11. h3 Ne8 12. Bg5 f6 13. Be3 Nc7 14. Rad1 Qf7 15. b3 Ne6 16. Rd6 Re8 17. Rfd1 Bf8 18. R6d2 a5 {0-1 (49) Mohannad,F (2243)-Demchenko,A (2649) Beirut 2017}) 11... Nc5 12. Ne2 a5 13. b3 {Black has an edge.} Ne6 14. Rb1 Rd8 15. Nd3 Nd7 16. Rd1 Bf8 17. Be3 Re8 18. Rd2 Nec5 19. Ne1 Nf6 20. f3 Qc7 21. Rbd1 Be6 22. Qb2 Nfd7 23. Nc3 f6 24. Kh1 Na6 25. Rd3 Ndc5 26. R3d2 Nd7 27. Rd3 b6 28. Ne2 Ndc5 29. R3d2 a4 30. Nc2 Red8 31. b4 (31. Bf1 $11 {keeps the balance.}) 31... Rxd2 $17 32. Rxd2 Nd7 (32... Nb7 $17 33. f4 Nd6) 33. b5 $11 cxb5 34. cxb5 Nac5 35. Nb4 a3 36. Qc2 Ra5 (36... Rc8 $11) 37. Nc3 $16 Na4 {[#]} 38. Nc6 $1 (38. Nxa4 Qxc2 39. Nxc2 Rxa4 $17) 38... Nxc3 39. Qxc3 {aiming for Ne7+!} Kg7 40. Qd3 (40. Bxb6 $16 Qxb6 41. Nxa5 (41. Qxa5 Qxa5 42. Nxa5 Bb4 $16 {[%mdl 64] Double Attack}) 41... Qxb5 42. Nb3) 40... Ra4 41. Bf1 {Threatens to win with Qc2.} Nc5 (41... Bc5 $11) 42. Qc2 Ra8 43. Qd1 (43. h4 $16) 43... Kg8 {Accuracy: White = 27%, Black = 39%.} 1-0

[Event "XIII Figueira da Foz Open 2019"]
[Site "Figueira da Foz"]
[Date "2019.10.30"]
[Round "4.10"]
[White "Gavasheli, Ana"]
[Black "Tadevosyan, Aspet"]
[Result "1-0"]
[WhiteElo "2240"]
[BlackElo "1998"]
[Annotator "TA"]
[PlyCount "79"]
[EventDate "2019.10.27"]
[EventType "swiss"]
[EventCountry "POR"]
[SourceTitle "playchess.com"]
[Source "ChessBase"]
[SourceQuality "1"]

{[%evp 19,79,16,8,-18,0,0,0,-16,-20,-14,-7,-11,7,0,15,2,7,0,0,0,0,0,0,6,8,0,13,11,15,13,18,20,170,160,268,146,232,214,244,244,255,232,200,167,194,216,413,399,403,275,1137,577,579,579,578,576,1185,550,1631,1623,1325,1200]} 1. c4 e6 2. g3 d5 3. Bg2 Nf6 4. Nf3 Be7 5. O-O O-O 6. b3 b6 7. Bb2 Bb7 8. d4 Nbd7 9. Nc3 c5 10. cxd5 Nxd5 11. a3 $146 {E17: Queen's Indian: 4 g3 Bb7 5 Bg2 Be7} ({Predecessor:} 11. Nxd5 Bxd5 12. e3 Rc8 13. Qe2 Rc7 14. Rac1 Qa8 15. Rfd1 Bf6 16. Ne1 Bxg2 17. Nxg2 Rfc8 18. Ne1 h6 19. Nf3 Qe4 20. Nd2 Qg6 21. Nf3 Qe4 22. Nd2 Qg6 23. Nf3 Qf5 24. Nd2 Qg6 {½-½ (24) Istratescu,A (2630)-Fedoseev,V (2674) Dubai 2015}) 11... Rc8 12. Nxd5 Bxd5 13. Re1 {The position is equal.} cxd4 14. Nxd4 Bxg2 15. Kxg2 Nf6 16. e4 Qc7 17. Nb5 Qb7 18. Nd6 Bxd6 $1 19. Bxf6 $1 gxf6 20. Qxd6 Qc7 21. Qd1 Qe5 22. Rc1 Qb2 23. Qg4+ Kh8 24. Rxc8 Rxc8 $11 {[%mdl 4096] Endgame KQR-KQR} 25. Rd1 Qc3 (25... Qxa3 $11 {and Black stays safe.} 26. Rd7 Rf8) 26. Rd7 $18 f5 {[#]} (26... Rf8 $16 {was worth a try.} 27. Qf3 (27. Rxa7 Qxb3 28. Qh4 Kg7 $14) 27... Qxf3+ 28. Kxf3 Kg7) 27. Qf4 ({White should play} 27. Qh5 $1 $18 {[%mdl 512]} Rf8 28. Rxf7 Rxf7 29. Qxf7 {[%mdl 64] Double Attack}) 27... Kg8 (27... fxe4 $16 28. Qxf7 (28. Rxf7 Qf3+ 29. Qxf3 exf3+ 30. Kxf3 a5 $16) 28... Qf3+ 29. Qxf3 exf3+ 30. Kxf3 a5) 28. Rxa7 Qd4 29. Ra4 ({Don't take} 29. exf5 $6 Qxf4 30. gxf4 exf5) 29... Qf6 30. e5 Qe7 31. Qe3 Qb7+ 32. Kh3 Kf8 $2 (32... Qh1 33. Qg5+ (33. Qxb6 Qf3 $16) 33... Kh8) 33. Qh6+ Ke8 34. Qg5 Rc2 $2 (34... b5) 35. Rd4 {[%csl Gd4][%cal Rg5d8] White is clearly winning.} Rc8 36. Qg8+ {[%mdl 64] [#] Double Attack} Ke7 37. Qxh7 Rf8 38. Qg7 (38. Qh4+ $142 f6 39. Qh6 fxe5 40. Qg7+ Ke8 41. Qxb7 exd4 42. Qxb6) 38... Rc8 39. Qf6+ Ke8 40. Rh4 {Accuracy: White = 49%, Black = 27%.} 1-0

[Event "XIII Figueira da Foz Open 2019"]
[Site "Figueira da Foz"]
[Date "2019.10.30"]
[Round "4.11"]
[White "Babo, Miguel"]
[Black "Djuric, Stefan"]
[Result "0-1"]
[WhiteElo "1827"]
[BlackElo "2356"]
[Annotator "TA"]
[PlyCount "86"]
[EventDate "2019.10.27"]
[EventType "swiss"]
[EventCountry "POR"]
[SourceTitle "playchess.com"]
[Source "ChessBase"]
[SourceQuality "1"]

{[%evp 10,86,15,18,16,10,19,5,15,8,9,3,8,0,30,-13,-4,-3,0,13,64,18,60,62,104,77,86,92,120,84,83,49,60,0,0,-49,-53,-74,-25,-22,-25,-48,-10,-9,-22,-15,-13,-28,-4,-16,-16,-29,-20,-20,-16,-16,-18,-35,-22,-10,-12,-41,-4,-108,-108,-100,-100,-331,-333,-691,-688,-664,-662,-850,-839,-836,-836,-800,-781]} 1. Nf3 g6 2. d4 Bg7 3. c3 d6 4. Bg5 h6 5. Bh4 Nf6 6. Nbd2 O-O {A48: 1 d4 Nf6 2 Nf3 g6: Torre, London and Colle Systems} 7. e3 Qe8 (7... c5 8. dxc5 dxc5 9. Qc2 Nc6 10. Bc4 Na5 11. Be2 Be6 12. O-O Qb6 13. e4 Rfd8 14. Rfe1 g5 {1-0 (63) Kramnik,V (2779)-Howell,D (2689) Batumi 2018}) 8. Be2 e5 {The position is equal.} 9. O-O Nc6 (9... e4 $5 10. Ne1 $8 g5 $11) 10. a3 $146 ({Predecessor:} 10. a4 e4 11. Ne1 g5 12. Bg3 Ne7 13. f3 Nf5 14. Nc2 Nxg3 15. hxg3 exf3 16. gxf3 {0-1 (52) Solomunovic,I (2448)-Stevic,H (2613) Sarajevo 2014}) 10... a5 (10... e4 $5 11. Ne1 $8 g5 $11) 11. a4 Bd7 (11... e4 $5 12. Ne1 $8 g5 $11) 12. Bb5 e4 13. Ne1 Nh7 14. Qb3 h5 ({Black should play} 14... g5 $11 15. Bg3 Nf6) 15. h3 Bf6 16. Bg3 h4 17. Bh2 Ng5 18. Kh1 Qe7 19. Bf4 Bf5 20. Bxg5 Bxg5 21. Be2 (21. f3 $14) 21... Qd7 $11 22. Kh2 d5 23. Qd1 Rae8 24. Nc2 Kg7 25. c4 Be6 26. cxd5 Bxd5 27. Bc4 f5 28. Qe2 f4 29. Bxd5 Qxd5 30. Qb5 Rf5 $36 {[%mdl 2048] Black has good play.} 31. Qxd5 ({Reject} 31. Qxb7 Rb8 $17) 31... Rxd5 32. Nc4 Ne7 33. b4 axb4 34. Nxb4 Rdd8 35. a5 Nf5 {Black wants to play ...c5!} 36. Rfe1 (36. Nc2 $11 {keeps the balance.}) 36... fxe3 $17 37. fxe3 {[#]} Nxd4 $1 {[%mdl 512] White must now prevent ...c5.} 38. exd4 $2 (38. Reb1 $17) 38... Rxd4 $19 39. Rac1 $2 (39. Ne3 Rxb4 40. Rad1) 39... Bxc1 {Black is clearly winning.} 40. Rxc1 c5 41. Na2 e3 42. Nxe3 Rxe3 43. Rxc5 Rd2 {Accuracy: White = 38%, Black = 43%.} 0-1